| 000 | 00872cam a2200265 a 4500 | ||
|---|---|---|---|
| 999 |
_c7161 _d7161 |
||
| 001 | 14688426 | ||
| 003 | OSt | ||
| 005 | 20220723130825.0 | ||
| 008 | 070108s2008 njua b 001 0 eng | ||
| 020 | _a9788120332928 | ||
| 020 | _a9788131715475 | ||
| 020 | _a8131715477 | ||
| 040 | _coclc | ||
| 082 | 0 | 0 |
_a658.8 _bKOT/P |
| 100 |
_aKotler, Philip _91233 |
||
| 245 | 1 | 0 |
_aPrinciples of marketing / _cPhilip Kotler ; Gary Armstrong. |
| 250 | _a12th ed. | ||
| 260 |
_aUpper Saddle River, N.J. : _bPearson/Prentice Hall, _c2008. |
||
| 300 | _a 599p | ||
| 504 | _aIncludes bibliographical references (p. R-1 - R-30) and indexes. | ||
| 650 | 0 | _aMarketing. | |
| 700 | 1 |
_aArmstrong, Gary _q(Gary M.) _91278 |
|
| 856 | 4 | 1 |
_3Table of contents only _uhttp://www.loc.gov/catdir/toc/ecip078/2007000562.html |
| 942 |
_2ddc _cBK _h658.8 _iKOT/P _k658.8 _mKOT/P |
||